000 00857nmm a2200277 a 4500
001 ocm0002015596
003 TR-IsHL
005 20201028180040.0
008 181112s2017 tu tur
007 cr cn
020 _a9789944330459
035 _a2015596
_b(N$T)
050 0 4 _aPL248.B362
_bD66 2017
090 0 4 _aPL248.B362
_bD66 2017
100 1 _aBulut, Özgün E.
245 1 0 _aKuşların kanadına sarıldım
_h[electronic resource] /
_cÖzgün E. Bulut
250 _a1. Basım
260 _aİstanbul :
_bTotem Yayınları,
_c2017
300 _a64 p.
650 4 _aDil ve Edebiyat
650 4 _aLanguage and Literature
650 0 _aTürk şiiri
650 0 _aTurkish poetry
650 7 _aPOETRY / Middle Eastern
_2bisacsh
856 4 0 _uhttp://search.ebscohost.com/login.aspx?direct=true&scope=site&db=e011xww&AN=2015596
999 _c18958
_d18958